000 00683nam a2200229 a 4500
001 BRCA_7424
005 20190320205830.0
008 040413s1908----mx-a######---#000-0#spa-#
041 _aspa
044 _amx
050 4 _aF1219.1.T4
_b.B38 1908
100 1 _aBatres, Leopoldo
_918297
245 1 0 _aExploraciones y consolidación de los monumentos arqueológicos de Teotihuacán
_cpor Leopoldo Batres.
260 _aMéxico
_bImp. de Buznego y Leon
_c1908
300 _a6 p.
_bil., 28 láminas
500 _aQ160
610 2 4 _aTeotihuacán, México (Estado)
_918298
650 1 4 _aArqueología
_98098
651 4 _aMéxico
_xAntigüedades
_92765
902 _aGFM
942 _2lcc
_cB
999 _c7100
_d7100